ホロライブユニットクイズ Hololive unit quiz - Statistics

General Stats
  • This quiz has been taken 222 times
  • The average score is 21 of 60
Answer Stats
Hint Answer % Correct
ねねち、ポルカ、ラミィ、ぼたんNene Polka Lamy Botan ねぽらぼ/NePoLaBo
64%
フブキとミオFubuki and Mio フブミオ/FubuMio
63%
みこちとすいちゃんMiko and Suisei みこめっと/miComet
63%
すいちゃん、あくたん、トワSuisei Aqua Towa すたてん/StartEnd
60%
ラプラス、ルイ、こより、沙花叉、いろはLaplus Lui Koyori Chloe Iorha 秘密結社HoloX/Secret Society HoloX
59%
みこちところさんMiko and Korone みっころね/MikKorone
58%
あくたんとマリンAqua and Marine あくあマリン/AquaMarine
57%
おかゆところさんOkayu and Korone おかころ/OkaKoro
57%
スバルとルーナSubaru and Luna スバルーナ/SubaLuna
57%
あくたんとシオンAqua and Shion あくシオ/AquShio
56%
青くん、奏、莉々華、らでん、はじめ、リオナ、笑虎、枢、千速、ヴィヴィAo Kanade Ririka Raden Hajime Riona Niko Su Chihaya Vivi ホロライブデバイス/hololive DEV_IS
56%
かなたんところさんKanata and Korone かなころ/KanaKoro
56%
青くん、奏、莉々華、らでん、はじめAo Kanade Ririka Raden Hajime ReGLOSS
56%
あくたんとぺこらAqua and Pekora あくぺこ/AquPeko
55%
AZKiといろはAZKi and Iroha あずいろ/AZIro
55%
フブキ、ミオ、おかゆ、ころねFubuki Mio Okayu Korone ホロライブゲーマーズ/Hololive GAMERS
55%
ねねちとポルカNene and Polka ねねぽる/NenePol
55%
ししろんとわためBotan and Watame ししわた/ShishiWata
55%
フワワ、モココFuwawa and Mococo フワモコ/FuwaMoco
53%
かなたんとラミィKanata and Lamy かなラミ/KanaLamy
53%
ししろんとラミィBotan and Lamy ししラミ/ShiShiLamy
53%
あくたんとすいちゃんAqua and Suisei あくすい/AquSui
50%
ラプラスとこよりLaplus and Koyori ラプこよ/LapKoyo
50%
ノエルとフレアNoel and Flare ノエフレ/NoeFure
50%
ノエルとマリンNoel and Marine ノエマリ/NoeMari
50%
フブキとポルカFubuki and Polka フブポル/FubuPol
49%
ラプラスといろはLaplus and Iroha いろはス/IrohaS
49%
ぺこらとスバルPekora and Subaru ぺこスバ/PekoSuba
49%
あやめとスバルAyame and Subaru あやスバ/AyaSuba
47%
スバルとトワSubaru and Towa イカロスジェットコースター/Icarus Jetcoaster
47%
かなたんとルーナKanata and Luna かなルーナ/KanaLuna
47%
あやめ、フブキ、ミオAyame Fubuki Mio いろはにほへっとあやふぶみ/Irohanihoheto AyaFubuMi
46%
ポルカとルーナPolka and Luna ポルーナ/PoLuna
45%
フブキところさんFubuki and Korone フブころ/FubuKoro
44%
こよりと沙花叉Koyori and Chloe こよクロ/KoyoChlo
44%
ノエルとラミィNoel and Lamy ノエラミ/NoeLamy
44%
ぺこらとみこちPekora and Miko ぺこみこ/PekoMiko
44%
ぺこらとるしあPekora and Rushia ぺこるし/PekoRushi
44%
シオンと沙花叉Shion and Chloe 塩シャチ/ShioShachi
44%
マリンとスバルMarine and Subaru ババドナ/Babadona
43%
ぺこら、るしあ、フレア、ノエル、マリンPekora Rushia Flare Noel Marine ホロライブファンタジー/Hololive Fantasy
43%
かなたんとマリンKanata and Marine かなマリ/KanaMari
43%
みこちとスバルMiko and Subaru みこスバ/MikoSuba
43%
スバル、ちょこ先、ルーナSubaru Choco Luna スバちょこルーナ/SubaChocoLuna
43%
みこちとマリンMiko and Marine みこマリ/MikoMari
41%
ぺこらとマリンPekora and Marine ぺこマリ/Pekomari
41%
スバル、ミオ、おかゆ、ころねSubaru Mio Okayu Korone SMOK
41%
そらとAZKi Sora and AZKi そらあず/SorAZ
41%
かなたんとココKanata and Coco かなココ/KanaCoco
40%
かなた、AZKi、沙花叉Kanata AZKi Chloe かなた建設/Kanata Kensetsu
40%
あくたん、マリン、沙花叉、ぐら、イナニスAqua Marine Chloe Gura Ina うみシー/UMISEA
40%
フレアとポルカFlare and Polka フレポル/FurePol
39%
かなた、ココ、わため、トワ、ルーナKanata Coco Watame Towa Luna ホロフォース/Holo Forth
39%
あやめとルイAyame anf Lui おにかん/Onikan
39%
リオナ、笑虎、枢、千速、ヴィヴィRiona Niko Su Chihaya Vivi FLOWGROW
38%
マリンとフレアMarine and Flare マリフレ/MariFure
38%
トワ、ミオ、おかゆ、スバルTowa Mio Okayu Subaru 常MOS/TsuneMOS
38%
スバルとおかゆSubaru and Okayu スバおか/SubaOka
38%
フブキとマリンFubuki and Marine フブマリ/Babacorn
36%
フブキ、フレア、わため、ポルカFubuki Flare Watame Polka バカタレサーカス/Bakatare Circus
36%
エリザベス、ジジ、セシリア、ラオーラLiz Gigi Cece Rara(Elizabeth Gigi Cecilia Raora) Justice
36%
マリンとラミィMarine and Lamy マリラミ/MariLamy
36%
フレアとわためFlare and Watame フレわた/FureWata
35%
ラミィと沙花叉Lamy and Chloe ラミクロ/LamyChlo
34%
マリンところさんMarine and Korone マリころ/MariKoro
34%
ルイとちょこ先Lui and choco りっちしょこら/Rich Chocolat
34%
フブキとおかゆFubuki and Okayu にゃんぐこーん/Nyangcorn
33%
フレア、ポルカ、みこち、すいちゃん、ノエルFlare Polka Miko Suisei Noel 不知火建設/Shiranui Kensetsu
33%
ミオとマリンMio and Marine ミオマリ/MioMari
32%
そら、すいちゃん、スバル、ポルカ、こより、沙花叉Sora Suisei Subaru Polka Koyori Chloe スターアニマル/Star Animal
32%
スバル、おかゆ、みこちSubaru Okayu Miko スバおかみこ/SubaOkaMiko
32%
フブキ、フレア、わためFubuki Flare Watame バカタレ共/Bakatare Trio
31%
かなたんとトワKanata and Towa かなトワ/ORIO
31%
スバルとわためSubaru and Watame スバわた/SubaWata
31%
マリンとおかゆMarine and Okayu マリおか/MariOka
30%
あくたん、シオン、あやめ、ちょこ先、スバルAqua Shion Ayame Choco Subaru エグゾディア/Exodia
29%
フブキとみこちFubuki and Miko フブみこさん/FubuMikosan
29%
ミオ、スバル、みこちMio Subaru Miko ミオスバみこ/MioSubaMiko
29%
ラミィとポルカLamy and Polka ラミぽる/LamyPol
28%
あくたん、シオン、あやめAqua Shion Ayame 卍組/Manjigumi
28%
カリオペ、キアラ、イナニス、ぐら、アメリアCalli Kiara Ina Gura Ame Myth
28%
スバル、ノエル、ラミィSubaru Noel Lamy BIG3
27%
そら、すいちゃん、アキロゼ、まつり、スバル、トワ、ねねち、こより、沙花叉、いろはSora Suisei Aki Matsuri Subaru Towa Nene Koyori Chloe Iroha ホシマチックプロジェクト/Hoshimatic Project
27%
おかゆ、ルイ、ミオ、フブキ、ラプラス、ころねOkayu Lui Mio Fubuki Laplus Korone 泥棒建設/Dorobou Kensetsu
26%
フブキ、あやめ、ミオ、スバルFubuki Ayame Mio Subaru FAMS
26%
すいちゃんとかなたんSuisei and Kanata 星の彼方/Hoshinokanata
26%
沙花叉といろはChloe and Iroha いろクロ/IroChlo
26%
みこちとこよりMiko and Koyori みっこよ/MikKoyo
26%
シオリ、ビジュー、ネリッサ、フワワ、モココShiori Bijou Nerissa Fuwawa Mococo Advent
25%
クロニー、ハコ太郎、佐命、ファウナ、ムメイKronii Bae Sana Fauna Mumei Council
25%
おかゆ、ころね、フブキ、あやめ、ミオ、スバルOkayu Korone Fubuki Ayame Mio Subaru OKFAMS
25%
IRyS、クロニー、ハコ太郎、佐命、ファウナ、ムメイIRyS Kronii Bae Sana Fauna Mumei Promise
25%
フレア、ノエル、マリンFlare Noel Marine お姉さん組/Sisters
25%
そら、ロボ子、みこち、すいちゃん、AZKiSora Roboco Miko Suisei Azki ソロデビュー組/Soro debuts
25%
ぺこらとあやめPekora and Ayame 兎に角/Tonikaku
25%
フブキ、みこち、すいちゃんFubuki Miko Suisei フブみこめっとさん/FubuMiCommetsan
24%
ラミィ、ぼたん、ねねち、アロエ、ポルカLamy Botan Nene Aloe Polka ホロファイブ/Holo Five
24%
オリー、アーニャ、レイネOllie Anya Reine ホロロ/Holoro
24%
スバル、ルイ、キアラ、レイネ、ムメイSubaru Lui Kiara Reine Mumei ホロ鳥/Holotori
24%
ぺこらとこよりPekora and Koyori ぺっこよ/PekKoyo
22%
かなたん、AZKi、ころさんKanata AZKi Korone かなあずころ/KanaAZKoro
21%
おかゆとルイOkayu and Lui ねこたか/Nekotaka
21%
ぺこらところさんPekora and Korone ぺっころね/PekKorone
21%
スバル、ちょこ先、ルーナ、ぼたんSubaru Choco Luna Botan スバちょこルナたん/SubaChocoLunaTan
21%
ころね、ラミィ、マリン、ノエルKorone Lamy Marine Noel やかまし娘/Yakamashi girls
21%
ねねち、みこち、メルNene Miko Mel 桃鈴家/Momosuzu Family
20%
ねねちとこよりNene and Koyori ねっこよ/NekKoyo
20%
まつりとルーナMatsuri and Luna フェスティバルーナ/FestivaLuna
19%
アキロゼ、ノエル、ラミィ、ルイAki Noel Lamy Lui ホロ酒呑み組/Holo Alchoholics
18%
マリン、沙花叉、ころね、こよりMarine Chloe Korone Koyori 海犬フレンズ/Kaiken Friends
18%
ぺこら、ぼたん、トワPekora botan Towa ぺこトワぼた/PEBOT
18%
シオンとぺこらShion and Pekora しおぺこ/ShioPeko
18%
ぺこら、ムーナ、ココ、キアラ、トワ、るしあPekora Moona Coco Kiara Towa Rushia 兎田建設/Usada Kensetsu
17%
ゼータ、カエラ、こぼZeta Kaela Kobo ホロヒーロー/Holoh3ro
16%
あやめところさんAyame and Korone 鬼ヶ島コンビ/Onigashima-combi
14%
ポルカと沙花叉Polka and Chloe ポルカオルカ/PolkaOrca
14%
スバル、おかゆ、ミオSubaru Okayu Mio スバおかみおーん/SubaOkaMion
14%
あくたん、ミオ、マリン、ロボ子、ちょこ先、メル、ラミィ、イオフィ、ねねち、アキロゼAqua Mio marine Roboco Choco Mel Lamy Iofi Nene Aki AKUKIN建設/AKUKIN Kensetsu
13%
すいちゃん、かなたん、ココSuisei Kanata Coco 同居ーず/Doukyo's
13%
こより、ルイ、沙花叉Koyori Lui Chloe コルク/KoLuC
10%
かなたん、こより、フレアKanata Koyori Flare かなりあ/KanaRiA
9%
ミオ、おかゆ、フブキMio Okayu Fubuki MOF
8%
リス、ムーナ、イオフィRisu Moona Iofi エリア15/AREA15
7%
かなた、マリン、沙花叉、ラミィKanata Marine Chloe Lamy かマクラ/KaMaKuLa
6%
シオンとおかゆShion and Okayu 塩がゆ/Shiogayu
5%
No matching quizzes found
Score Distribution
Percent of People with Each Score
Percentile by Number Answered
Your Score History
You have not taken this quiz